<?xml version="1.0" encoding="UTF-8"?>
<collection xmlns:xsi="http://www.w3.org/2001/XMLSchema-instance" xsi:schemaLocation="http://www.loc.gov/MARC21/slim http://www.loc.gov/standards/marcxml/schema/MARC21slim.xsd" xmlns="http://www.loc.gov/MARC21/slim">
 <record>
  <leader>00000cmm a22000003a 4500</leader>
  <controlfield tag="001">UP-8027390931313906861</controlfield>
  <controlfield tag="003">Buklod</controlfield>
  <controlfield tag="005">20140107134852.0</controlfield>
  <controlfield tag="006">m    |o  d |      </controlfield>
  <controlfield tag="007">ta</controlfield>
  <controlfield tag="008">140107s2005    xx     d        u        </controlfield>
  <datafield tag="035" ind1=" " ind2=" ">
   <subfield code="a">(iLib)UPVIS-00030860442</subfield>
  </datafield>
  <datafield tag="040" ind1=" " ind2=" ">
   <subfield code="a">ess 1.7.14</subfield>
  </datafield>
  <datafield tag="041" ind1=" " ind2=" ">
   <subfield code="a">eng</subfield>
  </datafield>
  <datafield tag="090" ind1=" " ind2="0">
   <subfield code="a">QL 641 F57 2005 v.II</subfield>
  </datafield>
  <datafield tag="110" ind1="0" ind2=" ">
   <subfield code="a">Discovery Channel School</subfield>
  </datafield>
  <datafield tag="240" ind1="0" ind2="0">
   <subfield code="a">CD-ROM</subfield>
  </datafield>
  <datafield tag="245" ind1="0" ind2="0">
   <subfield code="a">Fish and amphibians [computer file]</subfield>
   <subfield code="c">[produced by] Discover Channel School; programming and authoring by ENTREX SOFTWARE; multimedia elements, audio and video compression by Clock Tower Images, Inc.</subfield>
  </datafield>
  <datafield tag="264" ind1=" " ind2="1">
   <subfield code="a">[U.S.A.]</subfield>
   <subfield code="b">Discovery Communications</subfield>
   <subfield code="c">c2005</subfield>
  </datafield>
  <datafield tag="300" ind1=" " ind2=" ">
   <subfield code="a">1 CD-ROM</subfield>
   <subfield code="b">colored illustrations</subfield>
   <subfield code="c">4 3/4 in</subfield>
  </datafield>
  <datafield tag="490" ind1="0" ind2=" ">
   <subfield code="a">Life Science 2 : Multimedia Library</subfield>
  </datafield>
  <datafield tag="521" ind1="1" ind2=" ">
   <subfield code="a">Levels 6-12</subfield>
  </datafield>
  <datafield tag="534" ind1=" " ind2=" ">
   <subfield code="a">Version 2.0</subfield>
  </datafield>
  <datafield tag="538" ind1=" " ind2=" ">
   <subfield code="a">Minimum system requirements for Windows: Pentium II processor-based PC or compatible computer (or beter), Windows 98/ME/2000/XP, at least 128 MB RAM, Color Monitor (high color 16 bit), QuickTime 6.0 or later (6.0 included on CD) 8X CD-ROM (or faster)</subfield>
  </datafield>
  <datafield tag="538" ind1=" " ind2=" ">
   <subfield code="a">Minimum system requirements for Macintosh: 400 MHz PowerPC or faster Macintosh computer, Mac OS 8.6 or later; Mac OS X v.10.1.5; v 10.2.3. or later, at least 128 MB RAM, color monitor (thousand colores), QuickTime 6.0 or later (6.0 included on CD) 8X CD-ROM (or faster)</subfield>
  </datafield>
  <datafield tag="650" ind1=" " ind2="0">
   <subfield code="a">Fishes.</subfield>
  </datafield>
  <datafield tag="650" ind1=" " ind2="0">
   <subfield code="a">Amphibians.</subfield>
  </datafield>
  <datafield tag="710" ind1="0" ind2=" ">
   <subfield code="a">QuickTime.</subfield>
  </datafield>
  <datafield tag="710" ind1="0" ind2=" ">
   <subfield code="a">World Book.</subfield>
  </datafield>
  <datafield tag="852" ind1="0" ind2=" ">
   <subfield code="a">UPVIS</subfield>
   <subfield code="b">UPV-ML</subfield>
   <subfield code="h">QL 641 F57 2005</subfield>
  </datafield>
  <datafield tag="942" ind1=" " ind2=" ">
   <subfield code="a">Electronic Resource</subfield>
  </datafield>
 </record>
</collection>
